Pojišťovnictví v globálním prostředí
Enregistré dans:
| Auteur principal: | |
|---|---|
| Format: | Livre |
| Langue: | tchèque anglais |
| Publié: |
Praha
Kamil Mařík - Professional Publishing
2015
|
| Édition: | 1. vyd. |
| Sujets: | |
| Tags: |
Pas de tags, Soyez le premier à ajouter un tag!
|
MARC
| LEADER | 00000nam a2200000 4500 | ||
|---|---|---|---|
| 001 | 0233613 | ||
| 005 | 20240313090248.8 | ||
| 020 | |a 978-80-7431-150-5 | ||
| 041 | 0 | |a cze | |
| 041 | 0 | |a eng | |
| 044 | |a CZ | ||
| 245 | 1 | 0 | |a Pojišťovnictví v globálním prostředí |c Jaroslav Mesršmíd |
| 250 | |a 1. vyd. | ||
| 264 | 1 | |a Praha |b Kamil Mařík - Professional Publishing |c 2015 | |
| 300 | |a 222 s. | ||
| 610 | 2 | 0 | |a poisťovníctvo |
| 610 | 2 | 0 | |a globalizácia |
| 610 | 2 | 0 | |a organizácie medzinárodné |
| 610 | 2 | 0 | |a poistenie |
| 610 | 2 | 0 | |a regulácia |
| 610 | 2 | 0 | |a kríza finančná |
| 610 | 2 | 0 | |a kríza hospodárska |
| 610 | 2 | 0 | |a svet |
| 610 | 2 | 0 | |a Európska únia |
| 100 | 1 | |a Mesršmíd, Jaroslav | |